000 00753nam a2200205 i 4500
001 56388
003 ES-MaACL
005 20240420063024.0
007 t|
008 031008s1985 sp ||||1| spa d
020 _a84-86031-80-X
100 1 _aDíez de Revenga, Francisco Javier,
_d1946-
_944713
245 1 0 _aRubén Darío en la métrica española y otros ensayos /
_cFrancisco Javier Díez de Revenga.
260 _aMurcia :
_bUniversidad de Murcia, Departamento de Literatura Hispanoamericana,
_c[1985]
300 _a276 p. ;
_c21 cm.
600 1 4 _aDarío, Rubén,
_d1867-1916-
_xCrítica e interpretación
_942722
650 0 4 _aLiteratura española-
_xHistoria y crítica
_914560
852 _aES-MaACL
_jL-10400
999 _c56388
_d56388